| 000 | 00433nam a2200157 a 4500 | ||
|---|---|---|---|
| 020 | _a0070512574 | ||
| 040 | _cDLC | ||
| 082 | 0 | 0 | _a371 MIT 1991 A016 Or. |
| 100 | 1 | _aRay, John R. | |
| 245 | 1 | 0 | _aComputers in educational administration / |
| 260 |
_aNew York : _bMitchell McGraw-Hill, _cc1991. |
||
| 300 |
_axvi, 224 p. : _bill. ; _c23 cm. |
||
| 650 | 0 | _aSchool management and organization | |
| 700 | 1 | _aDavis, Lloyd D. | |
| 942 | _cEK | ||
| 999 |
_c11668 _d11668 |
||